| 000 | 01099nam a2200217 a 4500 | ||
|---|---|---|---|
| 001 | 000182190 | ||
| 003 | AM-YeHGA | ||
| 005 | 20250617123636.0 | ||
| 008 | 000314s1987 ru ||||||||| |||||0|rus|d | ||
| 020 | _c00.95 | ||
| 040 | _aAM-YeHGA | ||
| 041 | 0 | _arus | |
| 245 | 0 | 0 |
_aСредства измерений, допущенные к выпуску в обращение в СССР : _bОписания утвержденных образцов / _cГос. комитет СССР по стандартам ; Всесоюзный научно-исследовательский ин-т метеорологической службы. |
| 260 |
_aМосква : _bИзд-во стандартов, _c1987. |
||
| 300 | _aвыпуск. | ||
| 505 | 1 | 0 |
_gВып. 35 (1975, 287 с.) _gВып. 57 (99 с.) _gВып. 77 (222 с.) _gВып. 78 (199 с.) _gВып. 80 (245 с.) |
| 650 | 1 | 4 | _aТочная механика |
| 710 | 2 | _aВсесоюзный научно-исследовательский институт метеорологической службы | |
| 942 |
_2udc _cBK |
||
| 090 | _c63923 | ||
| 999 |
_c62836 _d62836 |
||